| 000 | 00776nam a2200265 a 4500 | ||
|---|---|---|---|
| 001 | 000009300 | ||
| 003 | DO-SdBNP | ||
| 005 | 20230706093714.0 | ||
| 008 | 090929t2002 dr 000 p spa d | ||
| 020 | _a9993489808 | ||
| 040 |
_aDO-SdBNP _bspa _cBPMSU |
||
| 082 |
_aRD868.44 _bJ86t 2002 _222 |
||
| 100 | 1 |
_aJovine Bermúdez, Federico _d1944-2017 |
|
| 245 | 1 | 0 |
_aPoesía, cuentos, ensayos / _cFederico Jovine Bermúdez. |
| 246 | 1 | 4 | _aTextos en contexto |
| 260 |
_aSanto Domingo : _fUniversal, _c2002. |
||
| 300 |
_a156 p. ; _c21 cm. |
||
| 590 | _6Inventariado, 2023/VM | ||
| 650 | 4 | _aProsa dominicana | |
| 650 | 4 | _aPoesía dominicana | |
| 650 | 4 | _aCuentos dominicanos | |
| 650 | 4 | _aLiteratura dominicana. | |
| 910 | _aVMateo V. Control de calidad (BPMSU) | ||
| 942 |
_2ddc _cBK |
||
| 999 |
_c14403 _d14403 |
||